ARRUPE JESUIT UNIVERSITY

CORONAVIRUS -STOP THE SPREAD - CLEAN,DISINFECT,COVER

Practicing servant-leadership; (Record no. 131719)

MARC details
000 -LEADER
fixed length control field 00627nam a22001817a 4500
008 - FIXED-LENGTH DATA ELEMENTS--GENERAL INFORMATION
fixed length control field 230329b |||||||| |||| 00| 0 eng d
020 ## - INTERNATIONAL STANDARD BOOK NUMBER
International Standard Book Number 9780787974558.
050 ## - LIBRARY OF CONGRESS CALL NUMBER
Classification number HM1261.P7 2004.
100 ## - MAIN ENTRY--PERSONAL NAME
Personal name Spears C.Larry.
9 (RLIN) 52276
245 ## - TITLE STATEMENT
Title Practicing servant-leadership;
Remainder of title succeeding through trust, bravery, and forgiveness.
Statement of responsibility, etc Larry C. Spears.
260 ## - PUBLICATION, DISTRIBUTION, ETC. (IMPRINT)
Place of publication, distribution, etc San Francisco:
Name of publisher, distributor, etc Jossey-Bass.
Date of publication, distribution, etc 2004.
300 ## - PHYSICAL DESCRIPTION
Extent xl;
Other physical details 291p,
Dimensions 23cm.
650 ## - SUBJECT ADDED ENTRY--TOPICAL TERM
Topical term or geographic name as entry element Leardership;
9 (RLIN) 52277
650 ## - SUBJECT ADDED ENTRY--TOPICAL TERM
Topical term or geographic name as entry element associations, institutions, etc,
9 (RLIN) 52278
650 ## - SUBJECT ADDED ENTRY--TOPICAL TERM
Topical term or geographic name as entry element organisational effectiveness,
9 (RLIN) 52279
650 ## - SUBJECT ADDED ENTRY--TOPICAL TERM
Topical term or geographic name as entry element management.
9 (RLIN) 23446
942 ## - ADDED ENTRY ELEMENTS (KOHA)
Source of classification or shelving scheme Library of Congress Classification
Item type Monograph ( Printed materials)
Holdings
Withdrawn status Lost status Source of classification or shelving scheme Damaged status Not for loan Home library Current library Shelving location Date acquired Total Checkouts Full call number Barcode Date last seen Price effective from Koha item type
    Library of Congress Classification     ARRUPE LIBRARY ARRUPE LIBRARY Main Collection 29/03/2023   HM1261.P7 2004. 46700000251 29/03/2023 29/03/2023 Monograph ( Printed materials)

 

Arrupe Library. PO Box MP320 Mt Pleasant, Harare, Zimbabwe
263 242 745411|librarian@aju.ac.zw